Statistiques concernant Les Aventures de Tintin - Objectif Lune

Cliquez ici pour prendre le quiz!

Statistiques générales

  • Ce quiz a été pris 244 fois
  • Le résultat moyen est 13 sur 18

Statistiques - réponses

QuestionRéponse% Correct
Quelle expression prononcée par le capitaine Haddock fait entrer le professeur Tournesol dans une rage folle ?"[...] faire le zouave"
91%
En quoi le capitaine se déguise-t-il dans l'espoir de faire sortir de professeur de son amnésie ?En fantôme
89%
Comment se nomme la police secrète chargée de la surveillance du site de recherche ?La Zepo
87%
Tintin et le capitaine Haddock s'attendent à trouver le professeur Tournesol au château. Dans quel pays se trouve-t-il ?En Syldavie
86%
Et comment se nomme l'ingénieur adjoint au professeur Tournesol ?Frank Wolff
85%
Quel est le nom de code de la fusée expérimentale ?X-FLR 6
82%
Comment se nomme le Directeur du centre de recherche atomique ?Monsieur Baxter
81%
Comment la fusée expérimentale termine-t-elle son vol ?Elle explose en plein vol
79%
Quelle boisson est proposée au capitaine de manière récurrente, au début de l'histoire ?De l'eau minérale
77%
Le chef de la sécurité tente de barrer la route du professeur ivre de colère. En guise de réponse, ce denier...le suspend à une patère
74%
Avec quel objet le capitaine Haddock manque-t-il de s'étouffer ?Un bouchon de champagne
73%
Quels animaux "attaquent" Tintin dans les montagnes ?Des oursons
72%
Quel costume les Dupondt ont-ils revêtu, pensant être fidèles au folklore local ?Le costume grec
71%
Les Dupondt pensent avoir attrapé un espion infiltré dans la base. Mais de qui s'agit-il réellement ?Un squelette
71%
Que dit le professeur endormi, lorsqu'un obus explose dans sa chambre ?Qui est là ? On a frappé ?
69%
Quel nom de code est donné au professeur Tournesol par les espions ?Mammouth
58%
Dans quelle ville conduit-on Tintin et le capitaine ?Sbrodj
46%
De combien de moteurs la fusée lunaire est-elle équipée ?2
42%

Distribution des résultats

Percentile par nombre de réponses

% des personnes avec chaque résultat

Votre développement - résultats

Vous n’avez pas pris ce quiz